00781cam a22002411 4500001001300000003000400013005001700017008004100034010001700075035001900092040004500111042001200156043001200168050004600180110008200226245002800308260004400336300001800380490003900398650003000437830005500467999001700522pa 62000124 DLC20260227111856.0791012s1962 dcu 000 0 eng c apa 62000124  a(OCoLC)5521503 aPan American Union. LibrarycNGenoUdDLC apremarc acl-----00aF1405.5 1959b.O7 OEA/ser.L/X.II.1 rev. 22 aOrganization of American States.bSpecial Consultative Committee on Security.10aInitial general report. aWashington,bPan American Union,c1962. a70 p.c28 cm.1 aOEA/ser.L/X/II.1, rev. 2 (English) 0aCommunismzLatin America. 0aOAS official records ;vOEA/ser. L/X/II.1, rev. 2. c51503d51503